Environmentálne riešenie v praxi

Vyzdvihnutie významu marketingu pre spoločnosť a analýza možnosti aplikácie nových environmentálnych technológií. Vplyv spoločenskej zodpovednosti podnikov na úspešné podnikanie a marketing v oblasti životného prostredia. Význam vodných zdrojov v podnikaní a poukázanie na to, ako ušetriť vzácne vodn...

Descripción completa

Guardado en:
Detalles Bibliográficos
Autor principal: Rehák, Róbert, 1984-
Formato: Capítulo de libro
Lenguaje:eslovaco
Materias:
Etiquetas: Agregar Etiqueta
Sin Etiquetas, Sea el primero en etiquetar este registro!

MARC

LEADER 00000nla a2200000 4500
001 0243080
005 20240502073938.7
041 0 |a slo 
044 |a SK 
245 1 0 |a Environmentálne riešenie v praxi  |c Róbert Rehák 
520 |a Vyzdvihnutie významu marketingu pre spoločnosť a analýza možnosti aplikácie nových environmentálnych technológií. Vplyv spoločenskej zodpovednosti podnikov na úspešné podnikanie a marketing v oblasti životného prostredia. Význam vodných zdrojov v podnikaní a poukázanie na to, ako ušetriť vzácne vodné zdroje. 
610 2 0 |a prostredie životné 
610 2 0 |a environmentalistika 
610 2 0 |a zdroje vodné 
610 2 0 |a zodpovednosť spoločenská 
610 2 0 |a zodpovednosť podniku spoločenská 
610 2 0 |a marketing environmentálny 
100 1 |a Rehák, Róbert, 1984-